000 00500nab a2200181 a 4500
005 20210219155216.0
035 _aUPN01000140666
222 _aREVISTA DE PSICOLOGIA GENERAL Y APLICADA
245 _aActualización y aplicaciones del PMK
260 _aValencia, EspaƱa
300 _a315-326
362 0 _a2004 Vol. 57, no. 3, oct.
653 0 _aPSICODIAGNOSTICO MIOKINETICO
653 0 _aDIGITALIZACION
653 0 _aINDICADORES MOTORES
700 0 _aTous, J.M.
_ecoaut.
905 _aArticulo
999 _c112814
_d112814